[Event "POLFINALY MISTRZOSTW POLSKI JUNIOROW 2021 C-17"]
[Site "Jatrzebia Gora"]
[Date "1899-12-30"]
[Round "3.2"]
[White "Kalkowski, Igor"]
[Black "Labedz, Dawid"]
[Result "1-0"]
[WhiteTitle "I+"]
[BlackTitle "II+"]
[WhiteElo "1839"]
[BlackElo "1542"]

1. e4 c5 2. Nc3 a6 3. Nf3 e6 4. d4 cxd4 5. Nxd4 b5 6. g3 Bb7 7. Bg2 Qc7 8. O-O
d6 9. Re1 Nf6 10. a4 b4 11. Nd5 exd5 12. exd5+ Kd8 13. Bg5 Nbd7 14. Qe2 Qb6 15.
Nc6+ Kc7 16. Be3 Nc5 17. a5 Qb5 18. Qf3 Ncd7 19. Red1 Bxc6 20. dxc6 Nc5 21. Qf4
Rb8 22. Re1 Ne6 23. Bb6+ Rxb6 24. axb6+ Qxb6 25. Qc4 a5 26. Rxe6 fxe6 27. Qxe6
d5 28. Bxd5 Nxd5 29. Qd7+ Kb8 30. Rxa5 Bc5 31. Rxc5 Nc7 32. Rc4 Rf8 33. Qd2 Nd5
34. Qe1 Ka7 35. Qe2 Rf6 36. c7 Nxc7 37. Qd2 Nd5 38. Rd4 Nc7 39. Rxb4 Qc6 40. Qd4+
Ka8 41. Ra4+ Na6 42. Rc4 Qd6 43. Qe4+ Ka7 44. Qe3+ Kb7 45. Rd4 Qc6 46. Qe7+ Kb6
47. Qe3 Kb7 48. c4 Re6 49. Qd2 Nc5 50. Rf4 Re7 51. Qb4+ Kc7 52. Rf5 Kd6 53. Rd5+
Kc7 54. Rxc5 Re1+ 55. Qxe1 Qxc5 56. Qe4 g6 57. Qd5 Qb4 58. Qe5+ Kc8 59. Qh8+ 1-0

[Event "POLFINALY MISTRZOSTW POLSKI JUNIOROW 2021 C-17"]
[Site "Jatrzebia Gora"]
[Date "1899-12-30"]
[Round "3.3"]
[White "Borkowski, Szymon"]
[Black "Krasniewski, Szymon"]
[Result "1/2-1/2"]
[WhiteTitle "I"]
[BlackTitle "I"]
[WhiteElo "1696"]
[BlackElo "1821"]

1. d4 Nf6 2. c4 g6 3. Nc3 Bg7 4. e4 d6 5. Nf3 O-O 6. Be2 e5 7. O-O Nc6 8. d5 Ne7
9. b4 Nh5 10. Re1 Nf4 11. Bxf4 exf4 12. Rc1 f5 13. Bd3 fxe4 14. Nxe4 h6 15. Qe2
Nf5 16. c5 Nh4 17. cxd6 Nxf3+ 18. Qxf3 cxd6 19. Nc3 Bf5 20. Bxf5 Rxf5 21. Qg4
Qg5 22. Qxg5 Rxg5 23. Nb5 a6 24. Nc7 Rc8 25. h4 Re5 26. Red1 Kf7 27. Ne6 Rxd5
28. Nxg7 Kxg7 29. Rxd5 Rxc1+ 30. Kh2 Rc2 31. Rxd6 Rxf2 32. Rb6 Rxa2 33. Kh3 g5
34. hxg5 hxg5 35. Rxb7+ Kg6 36. b5 axb5 37. Rxb5 Ra3+ 38. Kh2 g4 39. Kg1 Ra1+
40. Kf2 Ra2+ 41. Kf1 Kf6 42. Rc5 Ra6 43. Rh5 Re6 44. Ra5 Re5 45. Ra8 Kg5 46. Kf2
Rb5 47. Rg8+ Kf5 48. Rf8+ Ke4 49. Re8+ Re5 50. Ra8 Rd5 51. Re8+ Kd3 52. Ra8 Rd4
53. Rc8 Rc4 54. Rd8+ Kc2 55. Rd7 Kc1 56. Rd8 Rc2+ 57. Kf1 Rd2 58. Rf8 Rd4 59.
Kf2 Kd2 60. Re8 Kd3 61. Re7 Kd2 62. Re8 Kd1 63. Re1+ Kc2 64. Re8 Rd2+ 65. Kf1
Rd1+ 66. Kf2 g3+ 67. Kf3 Rf1+ 68. Kg4 Kd3 69. Re7 Rf2 70. Re8 Kd2 71. Re4 Rxg2
72. Rxf4 Rg1 73. Rf3 g2 74. Kg3 1/2-1/2

[Event "POLFINALY MISTRZOSTW POLSKI JUNIOROW 2021 C-17"]
[Site "Jatrzebia Gora"]
[Date "1899-12-30"]
[Round "3.4"]
[White "Jozefik, Aleksander"]
[Black "Kasprzak, Lukasz"]
[Result "1/2-1/2"]
[WhiteTitle "I"]
[BlackTitle "II+"]
[WhiteElo "1601"]
[BlackElo "1758"]

1. e4 c6 2. d4 d5 3. Nc3 dxe4 4. Nxe4 Bf5 5. Ng3 Bg6 6. h4 h6 7. Nf3 Nd7 8. h5
Bh7 9. Bd3 Bxd3 10. Qxd3 e6 11. Bd2 Ngf6 12. O-O-O Be7 13. Ne4 Nxe4 14. Qxe4 Nf6
15. Qe2 Qd5 16. c4 Qe4 17. Qxe4 Nxe4 18. Be3 O-O 19. Ne5 f5 20. Ng6 Rfe8 21. Kc2
Bf6 22. f3 Nd6 23. b3 b5 24. Bf4 Rad8 25. c5 Nc8 26. Bc7 Rd7 27. Be5 Ne7 28. Nxe7+
Bxe7 29. Rhe1 Kf7 30. Re2 Rd5 31. b4 Bf6 32. Kc3 Bxe5 33. Rxe5 1/2-1/2

[Event "POLFINALY MISTRZOSTW POLSKI JUNIOROW 2021 C-17"]
[Site "Jatrzebia Gora"]
[Date "1899-12-30"]
[Round "3.5"]
[White "Stachecki, Mikolaj"]
[Black "Owoc, Jakub"]
[Result "1/2-1/2"]
[WhiteTitle "I+"]
[BlackTitle "I"]
[WhiteElo "1899"]
[BlackElo "1751"]

1. e4 c6 2. d4 d5 3. exd5 cxd5 4. Bd3 Nc6 5. c3 g6 6. h3 Bg7 7. Nf3 Qc7 8. O-O
Nf6 9. Re1 O-O 10. Nbd2 Re8 11. Ne5 Nxe5 12. dxe5 Nd7 13. f4 Nc5 14. Bc2 b6 15.
Nb3 Nxb3 16. axb3 e6 17. Be3 Bb7 18. Qd4 Rec8 19. Ra2 Qc5 20. Rea1 a6 21. Qxc5
bxc5 22. Bd3 Rc6 23. Ra5 Bf8 24. Be2 Be7 25. Kf2 Bc8 26. Rb5 Kg7 27. Raa5 axb5
28. Rxa8 b4 29. c4 d4 30. Bd2 Rc7 1/2-1/2

[Event "POLFINALY MISTRZOSTW POLSKI JUNIOROW 2021 C-17"]
[Site "Jatrzebia Gora"]
[Date "1899-12-30"]
[Round "3.6"]
[White "Kietrys, Maciej"]
[Black "Pieczulis, Blazej"]
[Result "1-0"]
[WhiteTitle "I"]
[BlackTitle "I"]
[WhiteElo "1860"]
[BlackElo "1726"]

1. e4 e5 2. Nf3 Nc6 3. Bc4 Bc5 4. d3 Nf6 5. c3 a5 6. Bb3 d6 7. O-O O-O 8. Bg5 h6
9. Bh4 Be6 10. Bc2 Bg4 11. Nbd2 g5 12. Bg3 Nh5 13. Nc4 Nxg3 14. hxg3 Qf6 15. Ne3
Bxf3 16. gxf3 Ne7 17. Kg2 Bxe3 18. fxe3 Ng6 19. Rh1 Kg7 20. Rh5 Ne7 21. Qd2 Qg6
22. Rah1 Rh8 23. f4 f6 24. f5 Qe8 25. Bb3 Qc6 26. Be6 Rad8 27. Kf3 Rh7 28. c4
Qb6 29. d4 c5 30. Qh2 Rdh8 31. dxe5 dxe5 32. Rd1 Rd8 33. Qc2 Rxd1 34. Qxd1 Qxb2
35. g4 Qb6 36. Qd7 Kf8 37. Rh2 Qc6 38. Qd8+ Qe8 39. Qc7 h5 40. Rd2 hxg4+ 41. Kg2
Qc6 42. Rd8+ Kg7 43. Qxe7+ 1-0

[Event "POLFINALY MISTRZOSTW POLSKI JUNIOROW 2021 C-17"]
[Site "Jatrzebia Gora"]
[Date "1899-12-30"]
[Round "3.7"]
[White "Bartlomowicz, Jakub"]
[Black "Galeziewski, Olaf"]
[Result "1/2-1/2"]
[WhiteTitle "I"]
[BlackTitle "II"]
[WhiteElo "1842"]
[BlackElo "1607"]

1. e4 c5 2. Nf3 e6 3. d4 cxd4 4. Nxd4 Nf6 5. Nc3 Nc6 6. a3 Be7 7. Be3 O-O 8. Be2
Qc7 9. O-O d6 10. f4 a6 11. Qe1 Nxd4 12. Bxd4 b5 13. Qg3 Bb7 14. Bf3 Rfd8 15.
Kh1 Rac8 16. Rad1 Ba8 17. Qf2 Nd7 18. Qg3 Nf6 19. e5 dxe5 20. Bxe5 Qa7 21. Ne4
Bxe4 22. Bxe4 Rxd1 23. Rxd1 Rd8 24. Rxd8+ Bxd8 25. Bxh7+ Kxh7 26. Qd3+ Kh6 27.
Qxd8 Qf2 28. h3 Qxc2 29. Kh2 Qf2 30. Qd4 Ng4+ 31. hxg4 Qh4+ 32. Kg1 Qe1+ 1/2-1/2

[Event "POLFINALY MISTRZOSTW POLSKI JUNIOROW 2021 C-17"]
[Site "Jatrzebia Gora"]
[Date "1899-12-30"]
[Round "3.8"]
[White "Nowak, Maciej"]
[Black "Kaliszuk, Kamil"]
[Result "0-1"]
[WhiteTitle "II"]
[BlackTitle "I+"]
[WhiteElo "1537"]
[BlackElo "1830"]

1. d4 d5 2. c4 e6 3. Nc3 Nf6 4. cxd5 exd5 5. Bg5 c6 6. e3 Be7 7. Bd3 Nbd7 8. Qc2
h6 9. Bh4 Nh5 10. Bxe7 Qxe7 11. Nf3 Nf4 12. O-O Nxd3 13. Qxd3 O-O 14. Rab1 a5
15. a3 b5 16. b4 axb4 17. axb4 Bb7 18. Qe2 Ra3 19. Na2 Rfa8 20. Nc1 Nb6 21. Nd3
Nc4 22. Nc5 Bc8 23. h3 Bf5 24. Rbc1 Ra2 25. Qe1 Qf6 26. Kh2 Be4 27. Nd7 Qd6+ 28.
Nfe5 f6 29. f3 fxe5 30. fxe4 Qxd7 31. dxe5 dxe4 32. Qg3 Rd2 33. Rf6 Raa2 34. Rg1
Nxe3 35. e6 Rxg2+ 36. Kh1 Rxg3 37. exd7 Rxh3# 0-1

[Event "POLFINALY MISTRZOSTW POLSKI JUNIOROW 2021 C-17"]
[Site "Jatrzebia Gora"]
[Date "1899-12-30"]
[Round "3.9"]
[White "Haliniak, Wojciech"]
[Black "Celebias, Filip"]
[Result "0-1"]
[WhiteTitle "I"]
[BlackTitle "II+"]
[WhiteElo "1827"]
[BlackElo "1534"]

1. e4 c5 2. Nf3 e6 3. d4 cxd4 4. Nxd4 Nc6 5. c4 Nf6 6. Nc3 Bb4 7. Nxc6 dxc6 8.
Bd3 e5 9. Qc2 O-O 10. O-O Be6 11. h3 Bc5 12. Rb1 a5 13. a3 Qe7 14. Bg5 h6 15.
Bh4 g5 16. Bg3 Nd7 17. Nd1 Rfd8 18. Be2 f6 19. Bg4 Bxg4 20. hxg4 Qe6 21. b4 axb4
22. axb4 Bd4 23. Qe2 Nb6 24. c5 Ra2 25. Qf3 Nc4 26. Qb3 Ra3 27. Qc2 Rxg3 0-1

[Event "POLFINALY MISTRZOSTW POLSKI JUNIOROW 2021 C-17"]
[Site "Jatrzebia Gora"]
[Date "1899-12-30"]
[Round "3.10"]
[White "Zielinski, Sebastian"]
[Black "Wysocki, Mateusz"]
[Result "0-1"]
[WhiteTitle "II+"]
[BlackTitle "I+"]
[WhiteElo "1579"]
[BlackElo "1955"]

1. c4 Nf6 2. g3 g6 3. Bg2 Bg7 4. Nc3 d6 5. e3 Nc6 6. Nge2 O-O 7. O-O e5 8. a3 a5
9. d3 Be6 10. e4 Qd7 11. Nd5 Ne8 12. f4 f5 13. Rb1 a4 14. Be3 Nd4 15. Bxd4 exd4
16. Kh1 Qd8 17. exf5 Bxf5 18. Ng1 c6 19. Nb4 Qd7 20. h3 h5 21. Kh2 Nc7 22. Re1
Bf6 23. Be4 Ra5 24. Bxf5 Rxf5 25. Ne2 Ra5 26. Nc2 Ne6 27. Rg1 d5 28. b3 axb3 29.
Rxb3 Nc5 30. Rb4 Ne6 31. Qb1 dxc4 32. Rxb7 Qd6 33. dxc4 d3 34. Ne3 Bg7 35. Nc1
Rxa3 36. Rb3 Rxb3 37. Qxb3 d2 38. c5 Qd7 39. Nd3 Kh7 40. Rd1 Nd4 41. Qc4 Qe7 42.
Ne5 Bxe5 43. fxe5 Qxe5 44. Ng2 Rf2 45. Kh1 Qe4 46. Rg1 d1=Q 0-1

[Event "POLFINALY MISTRZOSTW POLSKI JUNIOROW 2021 C-17"]
[Site "Jatrzebia Gora"]
[Date "1899-12-30"]
[Round "3.11"]
[White "Smuda, Tomasz"]
[Black "Zabron, Maksym"]
[Result "1/2-1/2"]
[WhiteTitle "I"]
[BlackTitle "I++"]
[WhiteElo "1529"]
[BlackElo "1896"]

1. e4 c5 2. c3 d5 3. exd5 Qxd5 4. Nf3 Nf6 5. Na3 Bg4 6. Be2 e6 7. O-O Nc6 8. Nc2
Be7 9. Ne3 Qd6 10. Nxg4 Nxg4 11. Qa4 Nf6 12. d4 O-O 13. dxc5 Qxc5 14. Be3 Qa5
15. Qb3 Qc7 16. Nd4 Nd5 17. Nxc6 bxc6 18. Bd2 Rab8 19. Qc2 Bf6 20. Rab1 Rfd8 21.
Bf3 c5 22. g3 Qb6 23. b4 cxb4 24. Bxd5 exd5 25. Rxb4 Qc5 26. Rxb8 Rxb8 27. Rb1
Rc8 28. Rc1 Bd4 29. Be1 g6 30. Qb2 Bf6 31. Rd1 Qc4 32. Qb7 1/2-1/2

[Event "POLFINALY MISTRZOSTW POLSKI JUNIOROW 2021 C-17"]
[Site "Jatrzebia Gora"]
[Date "1899-12-30"]
[Round "3.12"]
[White "Mocko, Maciej"]
[Black "Skrzypczynski, Kacper"]
[Result "1-0"]
[WhiteTitle "II"]
[BlackTitle "I"]
[WhiteElo "1527"]
[BlackElo "1762"]

1. e4 c5 2. Nc3 Nc6 3. f4 e6 4. Nf3 a6 5. Be2 b5 6. O-O Nd4 7. Nxd4 cxd4 8. Nb1
Bc5 9. d3 Nf6 10. Qe1 Nxe4 11. Bf3 d5 12. dxe4 d3+ 13. Kh1 dxc2 14. Nd2 O-O 15.
Nb3 Bb6 16. Qd2 Bb7 17. exd5 exd5 18. Qxc2 Qf6 19. Bd2 Rac8 20. Bc3 Qh6 21. Qd2
Rfd8 22. Bd4 Bc7 23. g3 Ba8 24. Rac1 Qg6 25. Rfe1 h5 26. Qc2 Qh6 27. Re7 Bd6 28.
Qxc8 Bxe7 29. Qf5 h4 30. gxh4 g6 31. Qe5 Bxh4 32. Rg1 Bc6 33. f5 Re8 34. Qd6 Ba8
35. fxg6 f6 36. Bxd5+ Bxd5+ 37. Qxd5+ 1-0

[Event "POLFINALY MISTRZOSTW POLSKI JUNIOROW 2021 C-17"]
[Site "Jatrzebia Gora"]
[Date "1899-12-30"]
[Round "3.13"]
[White "Kossowski, Pawel"]
[Black "Sawicki, Wojciech"]
[Result "1/2-1/2"]
[WhiteTitle "I"]
[BlackTitle "II"]
[WhiteElo "1761"]
[BlackElo "1505"]

1. e4 c6 2. d4 d5 3. Nc3 dxe4 4. Nxe4 Bf5 5. Ng3 Bg6 6. h4 h6 7. Nf3 Nd7 8. h5
Bh7 9. Bd3 Bxd3 10. Qxd3 e6 11. Bd2 Ngf6 12. O-O-O Be7 13. c4 O-O 14. Kb1 a5 15.
Rhe1 Bb4 16. Qb3 Bxd2 17. Rxd2 Qb6 18. Ne5 Qxb3 19. axb3 Rfd8 20. Red1 Kf8 21.
Kc2 Ke8 22. f4 a4 23. bxa4 Rxa4 24. Kb3 Ra6 25. Kc3 Rda8 26. Re1 Ra1 27. Rde2
Rxe1 28. Rxe1 Ke7 29. f5 Nxe5 30. Rxe5 Nd7 31. Re3 Kf6 32. fxe6 fxe6 33. Ne4+
Ke7 34. Rg3 Kf8 35. Kb4 Ra2 36. b3 b6 37. Rg6 Kf7 38. Nd6+ Kg8 39. Ne8 Kf7 40.
Nxg7 Nf6 41. Nxe6 Kxe6 42. d5+ cxd5 43. cxd5+ Ke5 44. d6 Nxh5 45. Rxh6 Nf6 46.
Kb5 Rxg2 47. Kxb6 Rd2 48. Kb5 1/2-1/2

[Event "POLFINALY MISTRZOSTW POLSKI JUNIOROW 2021 C-17"]
[Site "Jatrzebia Gora"]
[Date "1899-12-30"]
[Round "3.14"]
[White "Jedrzejczak, Michal"]
[Black "Wojciechowski, Franciszek"]
[Result "1/2-1/2"]
[WhiteTitle "II"]
[BlackTitle "I"]
[WhiteElo "1448"]
[BlackElo "1716"]

1. e4 e6 2. d4 d5 3. Bd3 dxe4 4. Bxe4 Nf6 5. Bf3 c5 6. Ne2 Nc6 7. Be3 cxd4 8. Nxd4
Ne5 9. O-O Nxf3+ 10. Qxf3 Bc5 11. Rd1 Qb6 12. Nc3 Bd7 13. a4 a6 14. a5 Qc7 15.
Bf4 Qc8 16. Ne4 Nxe4 17. Qxe4 O-O 18. Rd3 Bxd4 19. Qxd4 Bb5 20. Bh6 f6 21. Qg4
Rf7 22. Rg3 Qd7 23. c4 Bc6 24. Rd1 Qe7 25. Rgd3 e5 26. Be3 Rff8 27. Rd7 Bxd7 28.
Rxd7 f5 29. Rxe7 fxg4 30. Rxb7 Rfd8 31. Kf1 Rd1+ 32. Ke2 Rh1 33. c5 Kf8 34. c6
Rc8 35. Rb6 Ke7 36. Bc5+ Ke6 37. Rxa6 Kd5 38. b4 Rxc6 39. Ra7 Rxh2 40. g3 Rhh6
41. Rxg7 Rxc5 42. bxc5 Ra6 43. Rxg4 Rxa5 44. Rh4 Ra7 45. Rh5 Re7 46. f4 Kxc5 47.
Kf3 Kd6 48. fxe5+ Rxe5 49. Rxh7 Ke6 50. Kf4 Ra5 51. g4 Kf6 52. Rh6+ Kg7 53. g5
Ra1 54. Rb6 Rf1+ 55. Kg4 1/2-1/2

[Event "POLFINALY MISTRZOSTW POLSKI JUNIOROW 2021 C-17"]
[Site "Jatrzebia Gora"]
[Date "1899-12-30"]
[Round "3.15"]
[White "Wolny, Dawid"]
[Black "Lenart, Jakub"]
[Result "0-1"]
[WhiteTitle "II"]
[BlackTitle "I"]
[WhiteElo "1433"]
[BlackElo "1660"]

1. e4 c5 2. Nf3 Nc6 3. d4 cxd4 4. Nxd4 Nf6 5. Nc3 a6 6. Nxc6 bxc6 7. e5 Ng8 8.
Bc4 d5 9. exd6 exd6 10. O-O Nf6 11. Bg5 Be7 12. Re1 Kf8 13. Qe2 d5 14. Bb3 Be6
15. Rad1 Qc7 16. Bh4 g6 17. Qe5 Qxe5 18. Rxe5 Kg7 19. Re2 Bc5 20. Kf1 Rhe8 21.
f3 Ba7 22. Bf2 Reb8 23. Na4 Bxf2 24. Kxf2 Rb5 25. Nc3 Rb7 26. Na4 Nd7 27. Red2
Rab8 28. Ke3 Rb5 29. Nc3 Rb4 30. a3 R4b6 31. Na4 Rb5 32. Nc3 Ra5 33. Kf2 Nc5 34.
Na2 Nxb3 35. cxb3 Rxb3 36. Nb4 c5 37. Nxd5 Bxd5 38. Rxd5 Rxb2+ 39. Kg3 Rb3 40.
Rc1 Rbxa3 41. Rcxc5 Rxc5 42. Rxc5 Ra1 43. Rc6 a5 44. Ra6 a4 45. Kf2 a3 46. Kg3
h6 47. h4 a2 48. Kf2 Kf8 49. Ra7 Ke8 50. Kg3 Kd8 51. Kf2 Kc8 52. Kg3 Kb8 53. Ra3
Kb7 54. Rb3+ Kc6 55. Ra3 Kc5 56. Ra8 f5 57. Ra6 Kb5 58. Ra8 Kc4 59. Ra3 Kb4 60.
Ra8 Kc3 61. Ra7 Kd3 62. Kf2 f4 63. Ra3+ Kc4 64. Ra8 Kc5 65. Ra7 Kb5 66. Ra8 Rh1
67. Rxa2 Rxh4 68. Rc2 Rh5 69. Rc8 Rf5 70. Rh8 h5 71. Rc8 Rc5 72. Rf8 g5 73. Rh8
g4 74. fxg4 hxg4 75. Rg8 Rc2+ 76. Kf1 g3 77. Rb8+ Ka5 78. Rb1 Rf2+ 79. Kg1 Re2
80. Kf1 Rc2 81. Rb3 Rf2+ 82. Kg1 Ka4 83. Rb1 Rd2 84. Kf1 Ka3 85. Rb7 Rf2+ 86.
Kg1 Rb2 87. Ra7+ Kb3 88. Rb7+ Kc3 89. Rc7+ Kd4 90. Rd7+ Ke5 91. Re7+ Kf5 92. Kf1
Rb6 93. Ra7 Kg5 94. Ra8 Re6 95. Rb8 Kf5 96. Rf8+ Rf6 97. Re8 Rg6 98. Rb8 Kg4 99.
Rb7 Rh6 100. Rg7+ Kf5 101. Ra7 Rh1+ 102. Ke2 Rg1 103. Rf7+ Kg5 104. Kf3 Rf1+ 105.
Ke4 Re1+ 106. Kd3 Rg1 107. Ke4 Rxg2 108. Rf5+ Kg4 109. Rxf4+ Kh3 110. Rf8 Re2+
111. Kd3 Re5 112. Rh8+ Kg4 113. Rg8+ Rg5 114. Ra8 g2 115. Ra1 Kh3 0-1

[Event "POLFINALY MISTRZOSTW POLSKI JUNIOROW 2021 C-17"]
[Site "Jatrzebia Gora"]
[Date "1899-12-30"]
[Round "3.16"]
[White "Dahche, Abdel-azziz"]
[Black "Chybalski, Piotr"]
[Result "0-1"]
[WhiteTitle "I"]
[BlackTitle "II"]
[WhiteElo "1656"]
[BlackElo "1377"]

1. e4 c6 2. d4 d5 3. Nc3 dxe4 4. Nxe4 Bf5 5. Ng3 Bg6 6. h4 h6 7. Nh3 Nf6 8. Nf4
Bh7 9. Bc4 e6 10. O-O Be7 11. c3 Na6 12. Bxe6 fxe6 13. Nxe6 Qd5 14. Nxg7+ Kf7
15. Qe2 Bd6 16. c4 Qxd4 17. N7f5 Bxf5 18. Nxf5 Qe5 19. Nxh6+ Kg6 20. Qc2+ Kh5
21. Qf5+ Qxf5 22. Nxf5 Bc5 23. Bg5 Ne4 24. Be3 Rhf8 25. Ng7+ Kxh4 26. Bxc5 Naxc5
27. f3 Ng3 28. Rfe1 Rf7 29. Rad1 Rxg7 30. Rd4+ Kh5 31. Re5+ Rg5 32. Rxg5+ Kxg5
33. Rg4+ Kf5 34. Rxg3 Rd8 35. Rg7 Rd7 36. Rg8 Ne6 37. Rh8 Rd2 38. Rh5+ Kf6 39.
Rh6+ Ke5 40. Rh5+ Kd6 41. Ra5 a6 42. b3 c5 43. a3 Rb2 44. Kh2 Nf4 45. Kg3 Nxg2
46. b4 cxb4 47. axb4 Ne3 48. b5 axb5 49. cxb5 Nc4 50. Ra4 Kc5 51. f4 Kxb5 52.
Ra8 Nd6 53. Kg4 Rf2 54. Rf8 Kc5 55. Kg3 Ne4+ 56. Kg4 b5 57. Kf5 Nd6+ 58. Ke6 b4
59. Kd7 b3 60. Rh8 Rxf4 61. Rh3 b2 62. Rb3 Rb4 0-1

[Event "POLFINALY MISTRZOSTW POLSKI JUNIOROW 2021 C-17"]
[Site "Jatrzebia Gora"]
[Date "1899-12-30"]
[Round "3.17"]
[White "Bekier, Piotr"]
[Black "Werner, Kacper"]
[Result "1-0"]
[WhiteTitle "II"]
[BlackTitle "II+"]
[WhiteElo "1293"]
[BlackElo "1589"]

1. d4 Nf6 2. c4 g6 3. Nc3 Bg7 4. e4 d6 5. f3 O-O 6. Be3 e5 7. d5 Nbd7 8. Qd2 Re8
9. g4 a6 10. Nge2 Rb8 11. Ng3 Nf8 12. Bh6 Bh8 13. h4 Bd7 14. h5 b5 15. Bxf8 Rxf8
16. g5 Ne8 17. hxg6 fxg6 18. Qh2 Qe7 19. Be2 bxc4 20. O-O-O Qxg5+ 21. Kb1 Qe7
22. Rdg1 Nf6 23. Nf5 Qe8 24. Rxg6+ hxg6 25. Qxh8+ 1-0

[Event "POLFINALY MISTRZOSTW POLSKI JUNIOROW 2021 C-17"]
[Site "Jatrzebia Gora"]
[Date "1899-12-30"]
[Round "3.18"]
[White "Topola, Rafal"]
[Black "Trela, Konrad"]
[Result "1-0"]
[WhiteTitle "I"]
[BlackTitle "II"]
[WhiteElo "1961"]
[BlackElo "1453"]

1. e4 c5 2. Nf3 g6 3. d4 cxd4 4. Nxd4 Nc6 5. c4 Nf6 6. Nc3 Nxd4 7. Qxd4 d6 8. Be2
Bg7 9. Be3 O-O 10. Qd2 a5 11. Bd4 a4 12. O-O Qa5 13. f3 Be6 14. Rfd1 Nd7 15. Bxg7
Kxg7 16. Qd4+ Kg8 17. f4 Qc5 18. Rac1 Rfc8 19. Qxc5 Rxc5 20. Nb5 Nb6 21. b3 axb3
22. axb3 Ra2 23. Bf3 Rb2 24. Rb1 Rxb1 25. Rxb1 Bd7 26. Nd4 Rc7 27. Ra1 Kg7 28.
e5 dxe5 29. fxe5 Nc8 30. Ra8 Bc6 31. Bxc6 bxc6 32. Ra6 Na7 33. c5 Rb7 34. Rb6
Rc7 35. Kf2 Kh6 36. Ke3 Kg5 37. Ke4 h5 38. Rb8 Kh6 39. h4 Kg7 40. g3 Kh6 41. e6
fxe6 42. Nxe6 Rc8 43. Rxc8 Nxc8 44. Nd8 Na7 45. b4 Kg7 46. Ke5 Kf8 47. Ne6+ Ke8
48. Nf4 Kf7 49. Ne2 Nb5 50. Nc1 e6 51. Nb3 Nc3 52. Nd4 Nd5 53. Nxc6 Nc3 54. Nd4
Nd1 55. c6 Ke7 56. Nxe6 Ne3 57. Nf4 1-0

[Event "POLFINALY MISTRZOSTW POLSKI JUNIOROW 2021 C-17"]
[Site "Jatrzebia Gora"]
[Date "1899-12-30"]
[Round "3.19"]
[White "Kitewski, Bartosz"]
[Black "Szafranski, Maciej"]
[Result "1-0"]
[WhiteTitle "I+"]
[BlackTitle "II+"]
[WhiteElo "1946"]
[BlackElo "1596"]

1. d4 d5 2. c4 e6 3. Nc3 Nf6 4. Nf3 c6 5. e3 Bd6 6. Qc2 O-O 7. Bd3 Nbd7 8. O-O
a6 9. e4 dxe4 10. Nxe4 Nxe4 11. Bxe4 h6 12. b3 e5 13. d5 cxd5 14. Bxd5 Nf6 15.
Rd1 Nxd5 16. Rxd5 Be6 17. Rd2 Qc7 18. h3 f6 19. Qe4 Bb4 20. Rd1 Bc3 21. Rb1 Rfd8
22. Be3 Bb4 23. Nh4 Bf7 24. Nf5 Bf8 25. c5 Rd7 26. Qg4 Kh7 27. Nxh6 Rxd1+ 28.
Rxd1 Be8 29. Nf5 Rd8 30. Rxd8 Qxd8 31. Ng3 Bc6 32. Qh4+ Kg8 33. Qc4+ Kh8 34. Qc2
Qd5 35. f3 Be7 36. Ne4 f5 37. Nc3 Qd7 38. Qd1 Qe6 39. Qe2 Bf6 40. Qd2 Be7 41.
Ne2 Be8 42. Bf2 Qc6 43. b4 Bf7 44. a3 Qa4 45. Qd3 Be6 46. Kh2 a5 47. Qc3 axb4
48. Qxe5 Qd7 49. axb4 b6 50. Nf4 Bf7 51. Qb8+ Kh7 52. Qxb6 g5 53. Ne2 Qd2 54.
Nd4 Qxf2 55. Nxf5 Bf8 56. Qf6 Qa2 57. Qxg5 Qb3 58. Qh4+ Kg6 59. Ng3 Bd5 60. Qh5+
Kf6 61. Qf5+ Ke7 62. Qe5+ Kf7 63. Nf5 Qc4 64. Ne3 Qxb4 65. Qxd5+ 1-0

[Event "POLFINALY MISTRZOSTW POLSKI JUNIOROW 2021 C-17"]
[Site "Jatrzebia Gora"]
[Date "1899-12-30"]
[Round "3.20"]
[White "Bednarczyk, Mateusz"]
[Black "Majdanski, Maksymilian"]
[Result "1/2-1/2"]
[WhiteTitle "I"]
[BlackTitle "I++"]
[WhiteElo "1525"]
[BlackElo "1914"]

1. e4 c5 2. Nf3 Nc6 3. d4 cxd4 4. Nxd4 Nf6 5. Nc3 e5 6. Ndb5 d6 7. Nd5 Nxd5 8.
exd5 Nb8 9. a4 Be7 10. Be2 O-O 11. O-O f5 12. Bd2 a6 13. Na3 f4 14. a5 e4 15.
Nc4 Nd7 16. Bb4 Nf6 17. Nb6 Rb8 18. Ra3 Bf5 19. Qd2 g5 20. h4 h6 21. hxg5 hxg5
22. g3 Kf7 23. gxf4 g4 24. Nc4 Rh8 25. Rd1 e3 26. Rxe3 Be4 27. Rxe4 Nxe4 28. Qe3
Nf6 29. Qe6+ Kg7 30. Bxd6 Bxd6 31. Nxd6 Qd7 32. Nf5+ Kg6 33. Ne7+ Kg7 34. Nf5+
1/2-1/2

[Event "POLFINALY MISTRZOSTW POLSKI JUNIOROW 2021 C-17"]
[Site "Jatrzebia Gora"]
[Date "1899-12-30"]
[Round "3.21"]
[White "Wolcyrz, Jakub"]
[Black "Ullrich, Karol"]
[Result "0-1"]
[WhiteTitle "II"]
[BlackTitle "II+"]
[WhiteElo "1350"]
[BlackElo "1605"]

1. e4 c6 2. d4 d5 3. f3 e6 4. Nc3 Bb4 5. Bf4 Ne7 6. Qd3 c5 7. O-O-O c4 8. Qe3 b5
9. Nxb5 Na6 10. a3 Qb6 11. axb4 Qxb5 12. c3 Qa4 13. Bd6 Bd7 14. Kd2 Nc8 15. Bg3
O-O 16. h4 Qa2 17. h5 h6 18. Bf4 dxe4 19. g4 exf3 20. Nxf3 Bc6 21. Rg1 Ne7 22.
Ne5 Nd5 23. Qg3 Ba4 24. Rc1 Qxb2+ 25. Ke1 Naxb4 26. cxb4 Qxd4 27. Rxc4 Qd1+ 28.
Kf2 Bb5 29. Rc1 Qd4+ 30. Be3 Qb2+ 31. Ke1 Qxb4+ 32. Bd2 Qe4+ 33. Kf2 Bxf1 34.
Kxf1 f5 35. g5 f4 36. Qg4 Qxe5 37. gxh6 Ne3+ 38. Bxe3 fxe3+ 39. Ke1 Qa5+ 0-1

[Event "POLFINALY MISTRZOSTW POLSKI JUNIOROW 2021 C-17"]
[Site "Jatrzebia Gora"]
[Date "1899-12-30"]
[Round "3.22"]
[White "Wleklik, Mateusz"]
[Black "Ciborowski, Konrad Jr"]
[Result "0-1"]
[WhiteTitle "II"]
[BlackTitle "I++"]
[WhiteElo "1341"]
[BlackElo "1871"]

1. e4 c5 2. Nf3 d6 3. Bb5+ Bd7 4. Bxd7+ Nxd7 5. O-O Ngf6 6. Qe2 e6 7. c4 Be7 8.
d4 cxd4 9. Nxd4 O-O 10. Nc3 Rc8 11. b3 a6 12. Bb2 Re8 13. Kh1 Qa5 14. f4 h6 15.
f5 Bf8 16. fxe6 fxe6 17. h3 Qg5 18. Nf3 Qh5 19. Rae1 Rcd8 20. Qe3 Ng4 21. Qf4
Nge5 22. Nxe5 Nxe5 23. Re3 Be7 24. g4 Qh4 25. Qg3 Rf8 26. Rxf8+ Rxf8 27. Kg2 Qf6
28. Qe1 Ng6 29. Nd1 Nh4+ 30. Kg1 Qf4 31. Qf2 Qg5 32. Qg3 d5 33. Bd4 dxe4 34. Nf2
Nf3+ 0-1

[Event "POLFINALY MISTRZOSTW POLSKI JUNIOROW 2021 C-17"]
[Site "Jatrzebia Gora"]
[Date "1899-12-30"]
[Round "3.23"]
[White "Kopestynski, Michal"]
[Black "Komisarski, Jerzy"]
[Result "1-0"]
[WhiteTitle "I"]
[BlackTitle "II"]
[WhiteElo "1604"]
[BlackElo "1258"]

1. e4 e6 2. d4 d5 3. e5 c5 4. Nf3 cxd4 5. Bd3 Nc6 6. O-O Nge7 7. Bf4 Ng6 8. Bg3
Qc7 9. Re1 Be7 10. a3 b6 11. Nbd2 a5 12. Qe2 O-O 13. h4 Rd8 14. h5 Nf8 15. Nb3
Bc5 16. Nh2 a4 17. Nd2 Qa7 18. Bh4 Be7 19. Qg4 Ba6 20. Bf6 g6 21. hxg6 fxg6 22.
Bxa6 Qxa6 23. Qh4 Qb7 24. Ng4 Bxf6 25. Qxf6 Qg7 26. Qf4 Ra7 27. Nf3 Rc8 28. Rac1
Re7 29. Nxd4 Nxd4 30. Nf6+ Kh8 31. Qxd4 b5 32. Qb6 Rb7 33. Qd4 Rc4 34. Qd3 Nd7
35. Ne8 Qe7 36. Nd6 Nxe5 37. Rxe5 Qxd6 38. Rce1 Re7 39. b3 axb3 40. cxb3 Rc1 41.
Rxc1 Qxe5 42. Qxb5 Qb2 43. Qc5 d4 44. Qe5+ Kg8 45. Rc8+ Kf7 46. Qf4+ Kg7 47. Qf8#
1-0

[Event "POLFINALY MISTRZOSTW POLSKI JUNIOROW 2021 C-17"]
[Site "Jatrzebia Gora"]
[Date "1899-12-30"]
[Round "3.24"]
[White "Falc, Pawel"]
[Black "Sliwa, Krzysztof"]
[Result "1-0"]
[WhiteTitle "II+"]
[BlackTitle "II"]
[WhiteElo "1493"]
[BlackElo "1212"]

1. e4 e5 2. Nf3 Nc6 3. d4 exd4 4. Bc4 Nf6 5. O-O Be7 6. e5 Ng4 7. Re1 d5 8. Bb5
Bd7 9. Bxc6 bxc6 10. h3 Nh6 11. Bxh6 gxh6 12. Nxd4 c5 13. Qh5 O-O 14. Nf5 Bxf5
15. Qxf5 Rb8 16. Nc3 Rb6 17. Rad1 d4 18. Ne2 Qd5 19. Nf4 Qb7 20. e6 fxe6 21. Qg4+
Kh8 22. Rxe6 Rg8 23. Qf5 Rxe6 24. Qxe6 Bd6 25. Qf6+ Rg7 26. Re1 Qa8 27. g3 Bxf4
28. Qxf4 Qc6 29. Qf5 Rg8 30. Re6 Qd7 31. Qf6+ Rg7 32. Qf8+ Rg8 33. Qxh6 d3 34.
cxd3 Qf7 35. Qf6+ Qxf6 36. Rxf6 Kg7 37. Rc6 1-0

[Event "POLFINALY MISTRZOSTW POLSKI JUNIOROW 2021 C-17"]
[Site "Jatrzebia Gora"]
[Date "1899-12-30"]
[Round "3.25"]
[White "Mazonik, Oliwier"]
[Black "Bujnowski, Adam"]
[Result "1-0"]
[WhiteTitle "II"]
[BlackTitle "III"]
[WhiteElo "1432"]
[BlackElo "1176"]

1. d4 Nf6 2. c4 e6 3. g3 Bb4+ 4. Bd2 Be7 5. Bg2 O-O 6. Bg5 d5 7. Bxf6 Bxf6 8. e3
c5 9. Ne2 Nc6 10. cxd5 exd5 11. Nbc3 cxd4 12. exd4 Ne7 13. Nf4 Re8 14. O-O Nf5
15. Ncxd5 Nxd4 16. Nxf6+ gxf6 17. Qa4 Qb6 18. Qxe8+ Kg7 19. Rac1 1-0